|
|
|
|
| LEADER |
00000nam0a2200000 4500 |
| 001 |
367905 |
| 005 |
20231102012029.0 |
| 035 |
|
|
|a (RuTPU)RU\TPU\retro\25268
|
| 090 |
|
|
|a 367905
|
| 100 |
|
|
|a 20220325d1980 km y0rusy50 ca
|
| 101 |
0 |
|
|a rus
|
| 102 |
|
|
|a RU
|
| 105 |
|
|
|a a z 001zy
|
| 200 |
1 |
|
|a Защита от водородного износа в узлах трения
|f под ред. А. А. Полякова
|
| 210 |
|
|
|a Москва
|c Машиностроение
|d 1980
|
| 215 |
|
|
|a 135 с.
|c ил.
|
| 320 |
|
|
|a Список литературы: с. 129-134
|
| 606 |
1 |
|
|a Детали машин
|x Трение и износ
|2 stltpush
|3 (RuTPU)RU\TPU\subj\9232
|9 36508
|
| 610 |
1 |
|
|a трение
|
| 610 |
1 |
|
|a водород
|
| 610 |
1 |
|
|a наводороженные металлы
|
| 610 |
1 |
|
|a физико-химические изменения
|
| 610 |
1 |
|
|a износ
|
| 675 |
|
|
|a 621.81:539.62
|v 3
|
| 702 |
|
1 |
|a Поляков
|b А. А.
|4 340
|
| 801 |
|
1 |
|a RU
|b 63413507
|c 20220325
|
| 942 |
|
|
|c BK
|